000 00932cab a2200205 4500
001 ABS37401
008 090401t1987 xxu||||| |||| 00| 0 eng d
035 _a(Sirsi) u4154
041 _aeng
100 _aKenny, P.H.
245 4 _aThe failure of the Mobile Homes Act 1983
260 _c1987
350 _a0
490 _aLaw Society`s Gazette
_v84 (5) 4 February 1987, 331-333 (3)
520 _aSince the Mobile Homes Act 1983 came into force it has becomeapparent that there are very large gaps in the protection it offers mobile homeowners. This article summarises the main areas where difficulties arise such as rent control , site licence enforcement, site owners obligations, the sale and conveyancing of mobile homes and most importantly, thein effectiveness of the courts and considers possible reform of the law.
650 _aSITE LICENCES
690 _aBlock management
_96220
942 _n0
948 _c04/03/1997
999 _c2485
_d2485